<?xml version="1.0" encoding="UTF-8"?>
<record
    xmlns:xsi="http://www.w3.org/2001/XMLSchema-instance"
    xsi:schemaLocation="http://www.loc.gov/MARC21/slim http://www.loc.gov/standards/marcxml/schema/MARC21slim.xsd"
    xmlns="http://www.loc.gov/MARC21/slim">

  <leader>01698cam a22003375a 4500</leader>
  <controlfield tag="001">016627787</controlfield>
  <controlfield tag="003">Uk</controlfield>
  <controlfield tag="005">20160731155827.0</controlfield>
  <controlfield tag="008">140206s2014    maua   frb    000 0 eng|d</controlfield>
  <datafield tag="015" ind1=" " ind2=" ">
    <subfield code="a">GBB416920</subfield>
    <subfield code="2">bnb</subfield>
  </datafield>
  <datafield tag="016" ind1="7" ind2=" ">
    <subfield code="a">016627787</subfield>
    <subfield code="2">Uk</subfield>
  </datafield>
  <datafield tag="020" ind1=" " ind2=" ">
    <subfield code="a">0124201121 (pbk.) </subfield>
  </datafield>
  <datafield tag="020" ind1=" " ind2=" ">
    <subfield code="a">9780124201125 (pbk.) </subfield>
  </datafield>
  <datafield tag="040" ind1=" " ind2=" ">
    <subfield code="a">StDuBDS</subfield>
    <subfield code="b">eng</subfield>
    <subfield code="c">StDuBDS</subfield>
    <subfield code="d">EG-ScBUE </subfield>
  </datafield>
  <datafield tag="082" ind1="0" ind2="4">
    <subfield code="2">22</subfield>
    <subfield code="a">363.69</subfield>
    <subfield code="b">LAY</subfield>
  </datafield>
  <datafield tag="100" ind1="1" ind2=" ">
    <subfield code="a">Layne, Stevan P.&#x200F; </subfield>
    <subfield code="9">40567</subfield>
  </datafield>
  <datafield tag="245" ind1="1" ind2="0">
    <subfield code="a">Safeguarding cultural properties :</subfield>
    <subfield code="b">security for museums, libraries, parks, and zoos /</subfield>
    <subfield code="c">Stevan P. Layne.</subfield>
  </datafield>
  <datafield tag="260" ind1=" " ind2=" ">
    <subfield code="a">Waltham, Massachusetts : </subfield>
    <subfield code="a">Oxford : </subfield>
    <subfield code="b">Butterworth-Heinemann / Elsevier, </subfield>
    <subfield code="c">c.2014.</subfield>
  </datafield>
  <datafield tag="300" ind1=" " ind2=" ">
    <subfield code="a">xiv, 146 p. :</subfield>
    <subfield code="b">ill. ;</subfield>
    <subfield code="c">24 cm.</subfield>
  </datafield>
  <datafield tag="500" ind1=" " ind2=" ">
    <subfield code="a">Index : p. 143-146.</subfield>
  </datafield>
  <datafield tag="504" ind1=" " ind2=" ">
    <subfield code="a">Includes bibliographical references.</subfield>
  </datafield>
  <datafield tag="505" ind1=" " ind2=" ">
    <subfield code="a">Emergency preparedness -- Appendix -- Security officer code of conduct -- Personnel security -- Appendix -- Legal rights and restrictions -- Physical security -- Appendix -- Fire protection --
Customer service and visitor relations -- Emergency evacuations -- Theft prevention -- Documentation -- Protecting valuable collections -- Protecting rare book collections -- Unruly patrons and conflict resolution -- Use of force -- Workplace violence prevention -- Appendix -- Retail theft prevention and apprehension -- Special events protection.</subfield>
  </datafield>
  <datafield tag="650" ind1=" " ind2="7">
    <subfield code="a">Cultural property </subfield>
    <subfield code="x">Protection.</subfield>
    <subfield code="2">BUEsh</subfield>
    <subfield code="9">40568</subfield>
  </datafield>
  <datafield tag="650" ind1=" " ind2="7">
    <subfield code="a">Museums</subfield>
    <subfield code="x">Management</subfield>
    <subfield code="2">BUEsh</subfield>
    <subfield code="9">40569</subfield>
  </datafield>
  <datafield tag="650" ind1=" " ind2="7">
    <subfield code="a">Library administration.</subfield>
    <subfield code="2">BUEsh</subfield>
    <subfield code="9">40571</subfield>
  </datafield>
  <datafield tag="650" ind1=" " ind2="7">
    <subfield code="a">Parks</subfield>
    <subfield code="x">Management</subfield>
    <subfield code="2">BUEsh</subfield>
    <subfield code="9">40570</subfield>
  </datafield>
  <datafield tag="650" ind1=" " ind2="7">
    <subfield code="a">Zoos</subfield>
    <subfield code="x">Management</subfield>
    <subfield code="2">BUEsh</subfield>
    <subfield code="9">40572</subfield>
  </datafield>
  <datafield tag="651" ind1=" " ind2=" ">
    <subfield code="2">BUEsh</subfield>
  </datafield>
  <datafield tag="653" ind1=" " ind2=" ">
    <subfield code="b">LLAAWW</subfield>
    <subfield code="c">July2016</subfield>
  </datafield>
  <datafield tag="942" ind1=" " ind2=" ">
    <subfield code="2">ddc</subfield>
    <subfield code="e">22</subfield>
    <subfield code="k">363.69 LAY</subfield>
  </datafield>
  <datafield tag="999" ind1=" " ind2=" ">
    <subfield code="c">22084</subfield>
    <subfield code="d">22056</subfield>
  </datafield>
  <datafield tag="952" ind1=" " ind2=" ">
    <subfield code="0">0</subfield>
    <subfield code="1">0</subfield>
    <subfield code="2">ddc</subfield>
    <subfield code="4">0</subfield>
    <subfield code="7">0</subfield>
    <subfield code="8">Baccah</subfield>
    <subfield code="a">MAIN</subfield>
    <subfield code="b">MAIN</subfield>
    <subfield code="c">1ST</subfield>
    <subfield code="d">2016-07-31</subfield>
    <subfield code="e">Purchase</subfield>
    <subfield code="g">425.00</subfield>
    <subfield code="h">26080</subfield>
    <subfield code="l">0</subfield>
    <subfield code="o">363.69 LAY</subfield>
    <subfield code="p">000033045</subfield>
    <subfield code="r">2025-07-15 00:00:00</subfield>
    <subfield code="v">531.25</subfield>
    <subfield code="y">BB</subfield>
  </datafield>
</record>
